000 00520nam a2200181Ia 4500
008 151202s9999||||xx |||||||||||||| ||und||
082 _bPNVM-51558
100 _aकाकोडकर चंद्रकांत.
245 _aरसिका.
260 _b---
260 _c51558
300 _a0
600 _aकाकोडकर चंद्रकांत.
630 _aरसिका.
700 _aकाकोडकर चंद्रकांत.
730 _aरसिका.
942 _cBOOK
999 _c1318098
_d1318095